Score 0/11 Timer 05:00
0 Plays Today
Symbol Name % Correct
A Heart with a CrownBrave Heart Lion
92.8%
A Heart with WingsSwift Heart Rabbit
81.9%
A LightbulbBright Heart Raccoon
80.4%
A WeightLotsa Heart Elephant
73.6%
A Heart with a Party HatPlayful Heart Monkey
71.3%
A Pillow HeartGentle Heart Lamb
70.9%
A Heart Medal Loyal Heart Dog
67.5%
A Heart with a Wool CapCozy Heart Penguin
66.8%
An Ice Cream ConeTreat Heart Pig
65.7%
A Heart within a StarProud Heart Cat
65.3%
A Multicolored HeartNoble Heart Horse
61.9%
Come Together.
Have Fun.
All Virtual.
We all need to come together. Play Sporcle's virtual live trivia to have fun, connect with people, and get your trivia on. Join a live hosted trivia game for your favorite pub trivia experience done virtually. If a virtual private party is more your thing, go here for details.

You're not logged in!

Compare scores with friends on all Sporcle quizzes.
OR
Log In

Sporcle TV

Today on Sporcle TV


Watch our educational content, quiz creation guides, and fun videos on Sporcle TV.

Show Comments

Extras

Top Quizzes Today


Score Distribution

Paid Content

Your Account Isn't Verified!

In order to create a playlist on Sporcle, you need to verify the email address you used during registration. Go to your Sporcle Settings to finish the process.

Report this User

Report this user for behavior that violates our Community Guidelines.

Details: